Tự học Harmonica

Sách giới thiệu các loại harmonica, nhạc lý căn bản và các bài luyện tập harmonica qua những bài hát quen thuộc.

محفوظ في:
التفاصيل البيبلوغرافية
المؤلف الرئيسي: Nguyễn, Hạnh
التنسيق: كتاب
اللغة:Undetermined
منشور في: Hà Nội Thanh niên 2014
الموضوعات:
الوسوم: إضافة وسم
لا توجد وسوم, كن أول من يضع وسما على هذه التسجيلة!
Thư viện lưu trữ: Trung tâm Học liệu Trường Đại học Cần Thơ
LEADER 00679nam a2200205Ia 4500
001 CTU_196554
008 210402s9999 xx 000 0 und d
020 |c 30000 
082 |a 788.82 
082 |b H107 
100 |a Nguyễn, Hạnh 
245 0 |a Tự học Harmonica 
245 0 |c Nguyễn Hạnh 
260 |a Hà Nội 
260 |b Thanh niên 
260 |c 2014 
520 |a Sách giới thiệu các loại harmonica, nhạc lý căn bản và các bài luyện tập harmonica qua những bài hát quen thuộc. 
650 |a Harmonica,Kèn harmonica 
904 |i Hải 
980 |a Trung tâm Học liệu Trường Đại học Cần Thơ